| 000 | 00971nac a22002411i 4500 | ||
|---|---|---|---|
| 003 | EG-ScBUE | ||
| 005 | 20230813123546.0 | ||
| 008 | 230813r19631952mauab f 000 0 eng d | ||
| 040 |
_aEG-ScBUE _beng _erda _cEG-ScBUE _dEG-ScBUE |
||
| 082 | 0 | 4 |
_a902 _bLAN _222 |
| 100 | 1 |
_aLanger, William L. _q(William Leonard), _d1896-1977, _eauthor. |
|
| 245 | 1 | 3 |
_aAn encyclopedia of world history : _bancient, medieval, and modern, chronologically arranged / _ccompiled and edited by William L. Langer, Coolidge professor oh history, Harvard University. |
| 250 | _aRevsion edition. | ||
| 264 | 1 |
_aBoston : _bHoughton Mifflin Company, _c1963. |
|
| 300 |
_a1 volume (various pagings) : _bmaps, tables ; _c22 cm |
||
| 336 |
_2rdacontent _atext _btxt |
||
| 337 |
_2rdamedia _aunmediated _bn |
||
| 338 |
_2rdacarrier _avolume _bnc |
||
| 650 | 7 |
_aHistory _vOutlines, syllabi, etc. _2BUEsh |
|
| 655 | _vReading book | ||
| 942 |
_cBB _2ddc |
||
| 999 |
_c1801 _d1801 |
||